[Event "Adelaide Interclub-A"]
[Site "Adelaide"]
[Date "2010.06.08"]
[Round "6.4"]
[White "Hatch, John H"]
[Black "Walshe, D Bradley"]
[Result "1/2-1/2"]
[WhiteElo "1200"]
[BlackElo "1383"]
[PlyCount "64"]
[EventDate "2010.05.04"]
[EventType "team-tourn"]
[EventRounds "9"]
[EventCountry "AUS"]
[SourceTitle "EXT 2023"]
[Source "ChessBase"]
[SourceDate "2022.10.05"]
[SourceVersion "1"]
[SourceVersionDate "2022.10.05"]
[SourceQuality "1"]

1. d4 Nf6 2. c4 d5 3. Nc3 dxc4 4. e4 Nc6 5. d5 Ne5 6. Bf4 Bg4 7. f3 Ng6 8. Bg5 Bc8 9. Bxc4 e5 10. dxe6 Bxe6 11. Bxe6 fxe6 12. Qa4+ c6 13. Rd1 Qb6 14. Qc4 Kf7 15. Na4 Qa5+ 16. Bd2 Qc7 17. Nc3 Ne5 18. Qe2 Rd8 19. Bf4 Rxd1+ 20. Qxd1 Nd3+ 21. Qxd3 Qxf4 22. Nge2 Qg5 23. 0-0 Bc5+ 24. Kh1 Qe3 25. Qxe3 Bxe3 26. Rd1 Ke7 27. Rd3 Bb6 28. Na4 Rd8 29. Rxd8 Bxd8 30. Nc5 b6 31. Nd3 Bc7 32. Nb4 Kd7 1/2-1/2

[Event "Adelaide Interclub-A"]
[Site "Adelaide"]
[Date "2010.05.11"]
[Round "2.4"]
[White "Lozic, Anto"]
[Black "Walshe, D Bradley"]
[Result "1/2-1/2"]
[WhiteElo "1339"]
[BlackElo "1383"]
[PlyCount "53"]
[EventDate "2010.05.04"]
[EventType "team-tourn"]
[EventRounds "9"]
[EventCountry "AUS"]
[SourceTitle "EXT 2023"]
[Source "ChessBase"]
[SourceDate "2022.10.05"]
[SourceVersion "1"]
[SourceVersionDate "2022.10.05"]
[SourceQuality "1"]

1. e4 c5 2. Bc4 Nc6 3. d3 e6 4. Nf3 Nf6 5. 0-0 d5 6. exd5 Nxd5 7. Bxd5 Qxd5 8. c4 Qh5 9. a3 Bd6 10. h3 0-0 11. Nh2 Qg6 12. Qf3 Nd4 13. Qe4 f5 14. Qh4 Ne2+ 15. Kh1 f4 16. Nc3 Nd4 17. f3 Nf5 18. Qf2 Ng3+ 19. Kg1 e5 20. Re1 Bxh3 21. Ne4 Bf5 22. Nf1 Be7 23. Nexg3 fxg3 24. Nxg3 Bh4 25. Qxc5 Rfe8 26. Qd5+ Be6 27. Qxb7 1/2-1/2

[Event "Adelaide Interclub-A"]
[Site "Adelaide"]
[Date "2010.05.04"]
[Round "1.4"]
[White "Walshe, D Bradley"]
[Black "Staak, Eric"]
[Result "0-1"]
[WhiteElo "1383"]
[BlackElo "1502"]
[PlyCount "84"]
[EventDate "2010.05.04"]
[EventType "team-tourn"]
[EventRounds "9"]
[EventCountry "AUS"]
[SourceTitle "EXT 2023"]
[Source "ChessBase"]
[SourceDate "2022.10.05"]
[SourceVersion "1"]
[SourceVersionDate "2022.10.05"]
[SourceQuality "1"]

1. e4 e6 2. d4 d5 3. Nc3 dxe4 4. Nxe4 Bd7 5. Nf3 Bc6 6. Bd3 Nd7 7. c3 Ngf6 8. Nxf6+ Nxf6 9. 0-0 Be7 10. Ne5 Qd5 11. Nxc6 Qxc6 12. Qe2 a6 13. Re1 Qd7 14. b3 c6 15. Bb2 Rd8 16. Rad1 Qc7 17. c4 Bb4 18. Rf1 Be7 19. f4 0-0 20. g4 c5 21. g5 Ne8 22. Qe4 g6 23. d5 exd5 24. cxd5 Ng7 25. Qc4 Qd6 26. Be5 Qb6 27. Be4 Bd6 28. Bf6 Rd7 29. Rf2 Be7 30. Bb2 Qb4 31. Qe2 Re8 32. Qc2 Bd6 33. Be5 Bxe5 34. fxe5 Rxe5 35. Bg2 Rxg5 36. Kh1 Re5 37. d6 Nf5 38. Bd5 Re1+ 39. Rf1 Rxf1+ 40. Rxf1 Rxd6 41. Rxf5 gxf5 42. Qd1 Rxd5 0-1

[Event "Adelaide Interclub-A"]
[Site "Adelaide"]
[Date "2009.06.30"]
[Round "9.3"]
[White "Cooke, Tristrom"]
[Black "Walshe, D Bradley"]
[Result "1-0"]
[WhiteElo "1552"]
[BlackElo "1665"]
[PlyCount "41"]
[EventDate "2009.05.05"]
[EventType "team-tourn"]
[EventRounds "9"]
[EventCountry "AUS"]
[SourceTitle "EXT 2023"]
[Source "ChessBase"]
[SourceDate "2022.10.05"]
[SourceVersion "1"]
[SourceVersionDate "2022.10.05"]
[SourceQuality "1"]

1. e4 c5 2. Bc4 Nc6 3. Nf3 e6 4. Nc3 a6 5. d4 cxd4 6. Nxd4 Nf6 7. 0-0 Bc5 8. Nxc6 bxc6 9. Bg5 Be7 10. e5 Ng8 11. Bf4 Bg5 12. Bxg5 Qxg5 13. f4 Qd8 14. Qg4 Kf8 15. f5 Nh6 16. Qh5 Qb6+ 17. Kh1 Qc5 18. fxe6 Qxc4 19. Rxf7+ Kg8 20. Raf1 Bb7 21. Rxg7+ 1-0

[Event "Adelaide Interclub-A"]
[Site "Adelaide"]
[Date "2009.06.09"]
[Round "6.3"]
[White "Walshe, D Bradley"]
[Black "Low, Brandon"]
[Result "1/2-1/2"]
[WhiteElo "1665"]
[BlackElo "1363"]
[PlyCount "115"]
[EventDate "2009.05.05"]
[EventType "team-tourn"]
[EventRounds "9"]
[EventCountry "AUS"]
[SourceTitle "EXT 2023"]
[Source "ChessBase"]
[SourceDate "2022.10.05"]
[SourceVersion "1"]
[SourceVersionDate "2022.10.05"]
[SourceQuality "1"]

1. e4 e5 2. Nf3 d6 3. d4 exd4 4. Nxd4 Bd7 5. Be2 Nc6 6. Be3 Be7 7. 0-0 Bf6 8. c3 Nge7 9. Nd2 0-0 10. f4 Nc8 11. Bf3 Qe8 12. Bf2 Nxd4 13. cxd4 Bc6 14. e5 Be7 15. Rc1 Bxf3 16. Qxf3 c6 17. f5 dxe5 18. dxe5 Bg5 19. Rcd1 Qxe5 20. Ne4 Be7 21. Bd4 Qc7 22. Bxg7 Kxg7 23. f6+ Kh8 24. fxe7 Nxe7 25. Nf6 Nd5 26. Qh5 Nxf6 27. Rxf6 Qb6+ 28. Kh1 Qe3 29. Rdf1 Rae8 30. R6f3 Qe5 31. Qh4 Qe7 32. Rf6 Rg8 33. h3 Rg6 34. Qd4 Rxf6 35. Rxf6 Qe5 36. Qxe5 Rxe5 37. Rxf7 Rb5 38. b3 a5 39. g4 Rb4 40. Kg2 c5 41. Kg3 b5 42. Rc7 c4 43. bxc4 bxc4 44. Kh4 Rb2 45. Rxc4 Rxa2 46. Rc7 Rb2 47. Ra7 Rb5 48. g5 Kg8 49. Kh5 Rc5 50. h4 Rb5 51. Kh6 Rb6+ 52. Kh5 Rb5 53. Kg4 Rb4+ 54. Kf5 Rxh4 55. Rxa5 Rb4 56. Ra6 Kg7 57. Ra7+ Kg8 58. Kf6 1/2-1/2